[Event "Medellin Easter op 10th"]
[Site "Medellin"]
[Date "2022.04.15"]
[Round "5"]
[White "Henao, Bernardo Andres"]
[Black "Toro Castaneda, Miguel Angel"]
[Result "0-1"]
[WhiteElo "2101"]
[BlackElo "1955"]
[PlyCount "66"]
[EventDate "2022.04.13"]
[EventType "swiss"]
[EventRounds "8"]
[EventCountry "COL"]
[SourceTitle "CBM 207 Extra"]
[Source "ChessBase"]
[SourceDate "2022.05.31"]
[SourceVersion "1"]
[SourceVersionDate "2022.05.31"]
[SourceQuality "1"]

1. d4 Nf6 2. c4 g6 3. Nc3 Bg7 4. e4 d6 5. h3 0-0 6. Be3 e5 7. Nf3 Nc6 8. Qd2 exd4 9. Nxd4 Nxd4 10. Bxd4 Nxe4 11. Nxe4 Re8 12. f3 Bxd4 13. Qxd4 f5 14. Bd3 fxe4 15. Bxe4 Bf5 16. 0-0 Bxe4 17. fxe4 Qg5 18. Rf3 Rf8 19. Raf1 Rxf3 20. Rxf3 Re8 21. Qd5+ Qxd5 22. exd5 Re1+ 23. Rf1 Rxf1+ 24. Kxf1 Kf7 25. Ke2 Kf6 26. Kf3 Kf5 27. g3 Ke5 28. Kg4 h6 29. h4 Ke4 30. b3 a6 31. b4 b5 32. cxb5 axb5 33. a3 Ke5 0-1

[Event "COL-ch sf1"]
[Site "Medellin"]
[Date "2019.04.19"]
[Round "7"]
[White "Henao, Bernardo Andres"]
[Black "Fonseca Pinto, Carlos Arturo"]
[Result "1/2-1/2"]
[WhiteElo "2138"]
[BlackElo "2046"]
[PlyCount "68"]
[EventDate "2019.04.16"]
[EventType "swiss"]
[EventRounds "10"]
[EventCountry "COL"]
[SourceTitle "CBM 190 Extra"]
[Source "ChessBase"]
[SourceDate "2019.07.15"]
[SourceVersion "1"]
[SourceVersionDate "2019.07.15"]
[SourceQuality "1"]

1. d4 Nf6 2. c4 c5 3. d5 b5 4. cxb5 a6 5. e3 g6 6. Nc3 d6 7. Nf3 Bg7 8. Be2 0-0 9. 0-0 axb5 10. Bxb5 Ba6 11. a4 Bxb5 12. Nxb5 Na6 13. Qb3 Qd7 14. Qc4 Rfb8 15. e4 Nc7 16. Nc3 Rb4 17. Qe2 e6 18. dxe6 Nxe6 19. e5 Ng4 20. Rd1 Nd4 21. Nxd4 cxd4 22. Nd5 Rb7 23. Rxd4 Nxe5 24. Bh6 Bh8 25. a5 Nc6 26. Rd2 Qe6 27. Qf1 Rxa5 28. Rxa5 Nxa5 29. Re2 Be5 30. f4 Qxd5 31. fxe5 Qd4+ 32. Qf2 Qxf2+ 33. Kxf2 Nc4 34. exd6 Nxd6 1/2-1/2

[Event "Medellin Flores op 25th"]
[Site "Medellin"]
[Date "2018.08.04"]
[Round "2"]
[White "Henao, Bernardo Andres"]
[Black "Avila Pavas, Santiago"]
[Result "1-0"]
[WhiteElo "2122"]
[BlackElo "2261"]
[PlyCount "53"]
[EventDate "2018.08.03"]
[EventType "swiss"]
[EventRounds "9"]
[EventCountry "COL"]
[SourceTitle "CBM 185 Extra"]
[Source "ChessBase"]
[SourceDate "2018.07.29"]
[SourceVersion "1"]
[SourceVersionDate "2018.07.29"]
[SourceQuality "1"]

1. d4 d5 2. Nf3 Nf6 3. Bf4 c6 4. Nbd2 Bf5 5. e3 e6 6. Bd3 Bxd3 7. cxd3 Bd6 8. Ne5 Qc7 9. Bg3 Nfd7 10. f4 0-0 11. 0-0 f6 12. Qg4 Re8 13. Qh5 Re7 14. Bh4 Na6 15. Rf3 Nf8 16. Raf1 Bb4 17. Nb3 fxe5 18. fxe5 g6 19. Qh6 Rg7 20. a3 Ba5 21. Nxa5 g5 22. Bxg5 Qxa5 23. Qf6 Nd7 24. Qxe6+ Kh8 25. Bh6 Rg6 26. Qxd7 Rag8 27. Rg3 1-0

[Event "Medellin Aristizabal Cup"]
[Site "Medellin"]
[Date "2018.07.05"]
[Round "2"]
[White "Lopez Cardona, Diego"]
[Black "Henao, Bernardo Andres"]
[Result "0-1"]
[WhiteElo "1905"]
[BlackElo "2126"]
[PlyCount "70"]
[EventDate "2018.07.04"]
[EventType "swiss"]
[EventRounds "7"]
[EventCountry "COL"]
[SourceTitle "CBM 185 Extra"]
[Source "ChessBase"]
[SourceDate "2018.07.29"]
[SourceVersion "1"]
[SourceVersionDate "2018.07.29"]
[SourceQuality "1"]

1. d4 Nf6 2. c4 c5 3. Nf3 g6 4. g3 Bg7 5. Bg2 0-0 6. 0-0 d6 7. Nc3 Nc6 8. d5 Na5 9. Qd3 Bg4 10. h3 Bxf3 11. exf3 a6 12. Re1 b5 13. cxb5 c4 14. Qe2 axb5 15. Nxb5 Nxd5 16. f4 e6 17. Bd2 Qb6 18. Bxa5 Qxb5 19. Bxd5 exd5 20. Bc3 d4 21. Bd2 d3 22. Qe3 Qxb2 23. Reb1 Qd4 24. Qe1 Rfe8 25. Qc1 c3 26. Be3 d2 27. Qc2 Rxe3 28. fxe3 Qxe3+ 29. Kg2 Qe2+ 30. Kh1 Qf3+ 31. Kh2 Qf2+ 32. Kh1 Qxg3 33. Qe4 Rc8 34. Qb7 Qxh3+ 35. Kg1 Bd4# 0-1

[Event "COL-ch sf"]
[Site "Medellin"]
[Date "2018.03.19"]
[Round "10"]
[White "Torres, Juan Camilo"]
[Black "Henao, Bernardo Andres"]
[Result "1-0"]
[WhiteElo "2289"]
[BlackElo "2076"]
[PlyCount "43"]
[EventDate "2018.03.14"]
[EventType "swiss"]
[EventRounds "10"]
[EventCountry "COL"]
[SourceTitle "CBM 183 Extra"]
[Source "ChessBase"]
[SourceDate "2018.04.19"]
[SourceVersion "1"]
[SourceVersionDate "2018.04.19"]
[SourceQuality "1"]

1. d4 Nf6 2. Nf3 b6 3. e3 Bb7 4. Bd3 e6 5. 0-0 c5 6. c4 Be7 7. Nc3 d5 8. cxd5 exd5 9. b3 0-0 10. Bb2 Nbd7 11. Rc1 Rc8 12. Qe2 Ne4 13. Rfd1 Nxc3 14. Bxc3 Qc7 15. dxc5 bxc5 16. Bf5 Rcd8 17. e4 Rfe8 18. exd5 Bg5 19. d6 Qc6 20. Bxh7+ Kh8 21. Qc4 Bxc1 22. Qh4 1-0

[Event "COL-ch sf"]
[Site "Medellin"]
[Date "2018.03.17"]
[Round "7"]
[White "Blandon, Luis Guillermo"]
[Black "Henao, Bernardo Andres"]
[Result "1/2-1/2"]
[WhiteElo "2246"]
[BlackElo "2076"]
[PlyCount "78"]
[EventDate "2018.03.14"]
[EventType "swiss"]
[EventRounds "10"]
[EventCountry "COL"]
[SourceTitle "CBM 183 Extra"]
[Source "ChessBase"]
[SourceDate "2018.04.19"]
[SourceVersion "1"]
[SourceVersionDate "2018.04.19"]
[SourceQuality "1"]

1. e4 Nf6 2. e5 Nd5 3. c4 Nb6 4. d4 d6 5. exd6 exd6 6. Nc3 Be7 7. Bd3 Nc6 8. Nge2 Bf6 9. h3 0-0 10. 0-0 Ne7 11. Ne4 Nf5 12. Nxf6+ Qxf6 13. g4 Ne7 14. Kg2 Qh4 15. f3 f5 16. Bf4 Bd7 17. Qd2 Qf6 18. Rae1 Rae8 19. Bg3 Ng6 20. b3 Kh8 21. g5 Qf7 22. Bf4 Nc8 23. Kg3 Nxf4 24. Nxf4 Ne7 25. Re2 Ng6 26. Rfe1 Rxe2 27. Rxe2 Re8 28. h4 Nxf4 29. Kxf4 g6 30. Rxe8+ Qxe8 31. Qa5 b6 32. Qc3 Qe7 33. c5 d5 34. a4 a5 35. Ba6 Qe6 36. Qe3 bxc5 37. Qxe6 Bxe6 38. Ke5 Bf7 39. Kf6 Kg8 1/2-1/2

[Event "Medellin Conconcreto op"]
[Site "Medellin"]
[Date "2018.01.28"]
[Round "6"]
[White "Blandon, Luis Guillermo"]
[Black "Henao, Bernardo Andres"]
[Result "1-0"]
[WhiteElo "2260"]
[BlackElo "2069"]
[PlyCount "63"]
[EventDate "2018.01.24"]
[EventType "swiss"]
[EventRounds "7"]
[EventCountry "COL"]
[SourceTitle "CBM 182 Extra"]
[Source "ChessBase"]
[SourceDate "2018.02.23"]
[SourceVersion "1"]
[SourceVersionDate "2018.02.23"]
[SourceQuality "1"]

1. e4 Nf6 2. e5 Nd5 3. c4 Nb6 4. d4 d6 5. f4 dxe5 6. fxe5 Bf5 7. Nc3 e6 8. Be3 Nc6 9. Be2 Be7 10. Nf3 Bh4+ 11. Nxh4 Qxh4+ 12. g3 Qh3 13. Bf1 Qg4 14. Qxg4 Bxg4 15. h3 Bh5 16. g4 Bg6 17. 0-0-0 0-0-0 18. b3 h5 19. Bg2 hxg4 20. hxg4 Rxh1 21. Bxh1 Rh8 22. Be4 Rh3 23. Re1 Bxe4 24. Nxe4 Rh2 25. Rf1 Re2 26. Rxf7 Rxe3 27. Nc5 Nd8 28. Rxg7 Nxc4 29. bxc4 Rc3+ 30. Kd2 Rxc4 31. Kd3 Rc1 32. Rg8 1-0

[Event "Medellin Conconcreto op"]
[Site "Medellin"]
[Date "2018.01.27"]
[Round "4"]
[White "Castaneda Jimenez, Jhon David"]
[Black "Henao, Bernardo Andres"]
[Result "1-0"]
[WhiteElo "2216"]
[BlackElo "2069"]
[PlyCount "95"]
[EventDate "2018.01.24"]
[EventType "swiss"]
[EventRounds "7"]
[EventCountry "COL"]
[SourceTitle "CBM 182 Extra"]
[Source "ChessBase"]
[SourceDate "2018.02.23"]
[SourceVersion "1"]
[SourceVersionDate "2018.02.23"]
[SourceQuality "1"]

1. Nf3 d5 2. g3 c5 3. Bg2 Nc6 4. d4 Nf6 5. 0-0 cxd4 6. Nxd4 e5 7. Nxc6 bxc6 8. c4 Be7 9. Nc3 Be6 10. Bg5 e4 11. Qa4 Bd7 12. cxd5 cxd5 13. Qd4 Be6 14. Rad1 0-0 15. Qd2 Rb8 16. b3 Bb4 17. Qd4 Bxc3 18. Qxc3 h6 19. Be3 Qe7 20. Qa5 Rfc8 21. Rc1 Rxc1 22. Rxc1 Rb7 23. Bd4 Qd7 24. Qa6 Ne8 25. Rc5 Nd6 26. Qc6 Nf5 27. Qxd7 Rxd7 28. Bb2 Ne7 29. e3 Rd6 30. Bf1 Rc6 31. Bd4 a6 32. Be2 Bc8 33. Kf1 Rxc5 34. Bxc5 Kf8 35. Ke1 Ke8 36. Kd2 Kd7 37. Kc3 Ng6 38. Bd4 f6 39. Kb4 Kc6 40. Ka5 Ne5 41. Bxa6 Bxa6 42. Kxa6 Nd3 43. a4 Nxf2 44. b4 Nd3 45. b5+ Kc7 46. Ka7 Nb4 47. Bc3 Na2 48. Bd2 1-0

[Event "American Continental 13th"]
[Site "Medellin"]
[Date "2017.06.13"]
[Round "5"]
[White "Bacallao Alonso, Yusnel"]
[Black "Henao, Bernardo Andres"]
[Result "1/2-1/2"]
[WhiteElo "2554"]
[BlackElo "2059"]
[PlyCount "112"]
[EventDate "2017.06.10"]
[EventType "swiss"]
[EventRounds "11"]
[EventCountry "COL"]
[SourceTitle "CBM 178 Extra"]
[Source "ChessBase"]
[SourceDate "2017.06.22"]
[SourceVersion "1"]
[SourceVersionDate "2017.06.22"]
[SourceQuality "1"]

1. b3 Nf6 2. Bb2 d5 3. Nf3 Bf5 4. e3 e6 5. c4 c6 6. Nc3 Nbd7 7. d4 Bd6 8. Bd3 Bg6 9. 0-0 0-0 10. Bxg6 hxg6 11. Qd3 e5 12. cxd5 cxd5 13. dxe5 Nxe5 14. Qd1 Nxf3+ 15. Qxf3 Be5 16. Rfd1 Qa5 17. Rac1 Rad8 18. a3 d4 19. b4 Qa6 20. Ne2 d3 21. Nd4 Rc8 22. b5 Qa4 23. Rb1 Bxd4 24. Bxd4 Qxa3 25. Qxb7 Ra8 26. Qa6 Qxa6 27. bxa6 Rfb8 28. f3 Rxb1 29. Rxb1 Nd5 30. Kf2 Rc8 31. Rd1 Rc2+ 32. Kg3 Nb4 33. Bxa7 d2 34. e4 Nxa6 35. Be3 Nc5 36. Rxd2 Rxd2 37. Bxd2 f5 38. exf5 gxf5 39. Kf4 g6 40. Kg5 Kf7 41. Kh6 Ne6 42. Bc3 Nf4 43. g3 Ne2 44. Bb2 Ng1 45. f4 Nf3 46. h3 Ng1 47. Bd4 Nxh3 48. Be3 Kf6 49. Bb6 Kf7 50. Bd4 g5 51. fxg5 f4 52. g6+ Kg8 53. Kh5 fxg3 54. Kg4 g2 55. Kxh3 g1Q 56. Bxg1 Kg7 1/2-1/2

[Event "American Continental 13th"]
[Site "Medellin"]
[Date "2017.06.11"]
[Round "3"]
[White "Blandon, Luis Guillermo"]
[Black "Henao, Bernardo Andres"]
[Result "0-1"]
[WhiteElo "2269"]
[BlackElo "2059"]
[PlyCount "146"]
[EventDate "2017.06.10"]
[EventType "swiss"]
[EventRounds "11"]
[EventCountry "COL"]
[SourceTitle "CBM 178 Extra"]
[Source "ChessBase"]
[SourceDate "2017.06.22"]
[SourceVersion "1"]
[SourceVersionDate "2017.06.22"]
[SourceQuality "1"]

1. e4 e5 2. Nf3 Nf6 3. Nxe5 d6 4. Nf3 Nxe4 5. d4 d5 6. Bd3 Bd6 7. 0-0 0-0 8. c4 c6 9. cxd5 cxd5 10. Nc3 Re8 11. Re1 Nxc3 12. Rxe8+ Qxe8 13. bxc3 Nd7 14. Bd2 Nf8 15. Qb3 Qd8 16. Re1 b6 17. Ne5 Be6 18. f4 f6 19. Nf3 Bf7 20. g3 Qd7 21. Nh4 Re8 22. Rxe8 Qxe8 23. Nf5 Bb8 24. Qb5 Qxb5 25. Ne7+ Kh8 26. Bxb5 Bd6 27. Nc8 Ba3 28. Nxa7 Be6 29. Bc6 Ng6 30. Nb5 Ne7 31. Bb7 Bb2 32. Nc7 Bf7 33. a4 Kg8 34. Kf2 Kf8 35. Na8 Ke8 36. Nxb6 Kd8 37. Ba6 Kc7 38. a5 Nc6 39. Na4 Ba3 40. f5 Nxa5 41. Bb5 Nb7 42. Bf4+ Bd6 43. Bxd6+ Kxd6 44. Ba6 Nd8 45. Nc5 Nc6 46. Ke3 g6 47. g4 g5 48. Bc8 h5 49. h3 h4 50. Bd7 Na5 51. Bb5 Bg8 52. Nd7 Ke7 53. Kd3 Bf7 54. Nb6 Kd6 55. Na4 Nc4 56. Bxc4 dxc4+ 57. Ke3 Kc6 58. Nc5 Kd6 59. Ne4+ Ke7 60. d5 Bxd5 61. Kd4 Bb7 62. Nf2 Kd6 63. Kxc4 Ke5 64. Nd3+ Ke4 65. Nc5+ Kf3 66. Nxb7 Kg2 67. Kb5 Kxh3 68. c4 Kxg4 69. c5 h3 70. c6 h2 71. c7 h1Q 72. c8Q Qb1+ 73. Kc6 Qxf5 0-1

[Event "Medellin Easter op 7th"]
[Site "Medellin"]
[Date "2017.04.14"]
[Round "5"]
[White "Ramos Arboleda, Dellys Carolina"]
[Black "Henao, Bernardo Andres"]
[Result "1/2-1/2"]
[WhiteElo "1603"]
[BlackElo "2100"]
[PlyCount "27"]
[EventDate "2017.04.12"]
[EventType "swiss"]
[EventRounds "8"]
[EventCountry "COL"]
[SourceTitle "CBM 177 Extra"]
[Source "ChessBase"]
[SourceDate "2017.04.27"]
[SourceVersion "1"]
[SourceVersionDate "2017.04.27"]
[SourceQuality "1"]

1. e4 Nf6 2. e5 Nd5 3. c4 Nb6 4. d4 d6 5. exd6 cxd6 6. Nc3 g6 7. Nf3 Bg7 8. Be3 Nc6 9. Be2 0-0 10. 0-0 Bg4 11. b3 e5 12. dxe5 dxe5 13. Rc1 h6 14. a3 1/2-1/2

[Event "Medellin Easter op 7th"]
[Site "Medellin"]
[Date "2017.04.12"]
[Round "1"]
[White "Herrera Yeider, Farit"]
[Black "Henao, Bernardo Andres"]
[Result "0-1"]
[WhiteElo "1258"]
[BlackElo "2100"]
[PlyCount "38"]
[EventDate "2017.04.12"]
[EventType "swiss"]
[EventRounds "8"]
[EventCountry "COL"]
[SourceTitle "CBM 177 Extra"]
[Source "ChessBase"]
[SourceDate "2017.04.27"]
[SourceVersion "1"]
[SourceVersionDate "2017.04.27"]
[SourceQuality "1"]

1. e4 e5 2. Nf3 Nf6 3. Nxe5 d6 4. Nf3 Nxe4 5. Qe2 Qe7 6. d3 Nf6 7. Bg5 Be6 8. Nc3 Nbd7 9. Ne4 h6 10. Bh4 g5 11. Bg3 Bg7 12. c3 Nxe4 13. Qxe4 f5 14. Qb4 f4 15. Bxf4 gxf4 16. Qxf4 0-0-0 17. Be2 Bd5 18. d4 Rde8 19. Qd2 Bc4 0-1

[Event "COL-ch Amateur U2300"]
[Site "Bogota"]
[Date "2017.03.05"]
[Round "6"]
[White "Henao, Bernardo Andres"]
[Black "Arango Arenas, Juan Camilo"]
[Result "1-0"]
[WhiteElo "2100"]
[BlackElo "2160"]
[PlyCount "103"]
[EventDate "2017.03.02"]
[EventType "swiss"]
[EventRounds "7"]
[EventCountry "COL"]
[SourceTitle "CBM 177 Extra"]
[Source "ChessBase"]
[SourceDate "2017.04.27"]
[SourceVersion "1"]
[SourceVersionDate "2017.04.27"]
[SourceQuality "1"]

1. d4 Nf6 2. Nf3 g6 3. Bf4 Bg7 4. e3 d6 5. h3 0-0 6. Nbd2 c5 7. c3 b6 8. Bd3 Bb7 9. 0-0 Nbd7 10. e4 b5 11. Bxb5 cxd4 12. cxd4 Nxe4 13. Be3 Nb6 14. Rc1 Nd5 15. Nxe4 Nxe3 16. fxe3 Bxe4 17. Bc6 Bxc6 18. Rxc6 Qa5 19. a3 Rab8 20. Qe2 Rb3 21. Rfc1 Qf5 22. e4 Qf4 23. R1c3 Rbb8 24. b4 a5 25. b5 f5 26. exf5 Bxd4+ 27. Nxd4 Qxd4+ 28. Qe3 Qxe3+ 29. Rxe3 Kf7 30. Rc7 Rfe8 31. fxg6+ hxg6 32. a4 d5 33. Rd7 Rbd8 34. Rexe7+ Rxe7 35. Rxd8 Ke6 36. Kf2 Rc7 37. Ra8 Rc2+ 38. Ke3 Rxg2 39. Rxa5 Rb2 40. Ra6+ Ke5 41. Rxg6 Rb3+ 42. Kd2 Kd4 43. h4 Kc4 44. b6 d4 45. a5 d3 46. a6 Rb2+ 47. Kc1 Rc2+ 48. Kb1 Kc3 49. b7 Rb2+ 50. Ka1 d2 51. Rc6+ Kd3 52. Kxb2 1-0

[Event "COL-ch Amateur U2300"]
[Site "Bogota"]
[Date "2017.03.04"]
[Round "4"]
[White "Henao, Bernardo Andres"]
[Black "Lopez Ramirez, Jorge Hernan"]
[Result "1-0"]
[WhiteElo "2100"]
[BlackElo "1962"]
[PlyCount "91"]
[EventDate "2017.03.02"]
[EventType "swiss"]
[EventRounds "7"]
[EventCountry "COL"]
[SourceTitle "CBM 177 Extra"]
[Source "ChessBase"]
[SourceDate "2017.04.27"]
[SourceVersion "1"]
[SourceVersionDate "2017.04.27"]
[SourceQuality "1"]

1. d4 Nf6 2. Nf3 g6 3. Bf4 Bg7 4. e3 0-0 5. h3 d6 6. Nbd2 c5 7. c3 Nc6 8. Bc4 cxd4 9. cxd4 a6 10. Rc1 Bf5 11. 0-0 Qd7 12. Re1 b5 13. Bf1 Ne4 14. g4 Nxd2 15. Nxd2 Be6 16. Bg2 d5 17. Nb3 Rac8 18. Nc5 Qa7 19. a4 Qb6 20. axb5 axb5 21. Ra1 Ra8 22. Qb3 Rxa1 23. Rxa1 Bxd4 24. exd4 Nxd4 25. Qd1 Qxc5 26. Be3 f6 27. Bxd4 Qd6 28. Qe2 Bd7 29. Qe3 Re8 30. Bc5 Qc6 31. Qd4 Be6 32. Ra7 Kf7 33. Qb4 Bd7 34. Qd4 e6 35. b4 Ra8 36. Qa1 Rxa7 37. Qxa7 g5 38. Qb8 Be8 39. f4 gxf4 40. Qxf4 Kg7 41. g5 fxg5 42. Qxg5+ Bg6 43. h4 h6 44. Bd4+ e5 45. Qxe5+ Kf8 46. Bc5+ 1-0

[Event "Medellin Construct op"]
[Site "Medellin"]
[Date "2017.01.29"]
[Round "7"]
[White "Castaneda Jimenez, Jhon David"]
[Black "Henao, Bernardo Andres"]
[Result "1/2-1/2"]
[WhiteElo "2213"]
[BlackElo "2059"]
[PlyCount "45"]
[EventDate "2017.01.25"]
[EventType "swiss"]
[EventRounds "7"]
[EventCountry "COL"]
[SourceTitle "CBM 176 Extra"]
[Source "ChessBase"]
[SourceDate "2017.03.02"]
[SourceVersion "1"]
[SourceVersionDate "2017.03.02"]
[SourceQuality "1"]

1. d4 Nf6 2. Bf4 g6 3. Nf3 Bg7 4. e3 0-0 5. Nbd2 d6 6. h3 Nbd7 7. Bc4 c5 8. c3 cxd4 9. cxd4 Nb6 10. Bb3 Bf5 11. 0-0 Qd7 12. Re1 Ne4 13. Nxe4 Bxe4 14. Nd2 Bd5 15. Bxd5 Nxd5 16. Bh2 Rac8 17. Qb3 Nb6 18. a4 Rc6 19. a5 Na8 20. Ne4 Rfc8 21. Nc3 b6 22. a6 Nc7 23. Nb5 1/2-1/2

[Event "Medellin Construct op"]
[Site "Medellin"]
[Date "2017.01.27"]
[Round "3"]
[White "Hernandez Montes, Jhon Sebastian"]
[Black "Henao, Bernardo Andres"]
[Result "1-0"]
[WhiteElo "2310"]
[BlackElo "2059"]
[PlyCount "93"]
[EventDate "2017.01.25"]
[EventType "swiss"]
[EventRounds "7"]
[EventCountry "COL"]
[SourceTitle "CBM 176 Extra"]
[Source "ChessBase"]
[SourceDate "2017.03.02"]
[SourceVersion "1"]
[SourceVersionDate "2017.03.02"]
[SourceQuality "1"]

1. e4 e5 2. Nf3 Nf6 3. Nxe5 d6 4. Nc4 Nxe4 5. Nc3 Nxc3 6. bxc3 Be7 7. d4 Nd7 8. Ne3 0-0 9. Bd3 Re8 10. 0-0 g6 11. Qf3 c6 12. c4 Nf8 13. Rb1 Bf6 14. c3 Bg7 15. Rd1 Ne6 16. Ba3 f5 17. Re1 Ng5 18. Qg3 Nf7 19. f4 b6 20. Qf3 Bd7 21. Bc2 Rc8 22. Re2 c5 23. Rd1 Bc6 24. Qf2 Qe7 25. Rde1 Qf8 26. Bb2 Re7 27. h3 Kh8 28. a3 Rce8 29. Nd5 Bxd5 30. cxd5 cxd4 31. cxd4 Bf6 32. Re6 Nd8 33. Rxe7 Rxe7 34. g4 fxg4 35. hxg4 Qg7 36. Kg2 Qf7 37. Rxe7 Qxe7 38. g5 Bg7 39. Bc1 Nf7 40. Bd2 Kg8 41. Bd3 Qd7 42. f5 gxf5 43. Bxf5 Qe7 44. Be6 Kf8 45. Qf5 Bxd4 46. Qxh7 Nd8 47. Qg8# 1-0

[Event "Medellin Antioquia Cup"]
[Site "Medellin"]
[Date "2016.10.13"]
[Round "3"]
[White "Henao, Bernardo Andres"]
[Black "Acosta Cruz, Luis Ivan"]
[Result "1-0"]
[WhiteElo "2081"]
[BlackElo "1801"]
[PlyCount "67"]
[EventDate "2016.10.12"]
[EventType "swiss"]
[EventRounds "8"]
[EventCountry "COL"]
[SourceTitle "CBM 175 Extra"]
[Source "ChessBase"]
[SourceDate "2016.12.12"]
[SourceVersion "1"]
[SourceVersionDate "2016.12.12"]
[SourceQuality "1"]

1. d4 Nf6 2. Bg5 Ne4 3. Bc1 g6 4. f3 Nf6 5. e4 d6 6. Bd3 Bg7 7. Ne2 Nbd7 8. Be3 c5 9. c3 Qc7 10. Nd2 a6 11. a4 0-0 12. 0-0 b6 13. b4 Bb7 14. Rb1 Rfb8 15. Qe1 Bc6 16. b5 Bb7 17. Qh4 a5 18. f4 Nf8 19. d5 Bc8 20. h3 Bd7 21. c4 Re8 22. g4 e6 23. e5 exd5 24. exf6 Bxf6 25. Qxf6 Rxe3 26. Rf3 Rae8 27. Kf2 R8e6 28. Qh4 d4 29. f5 R6e5 30. Nf4 Bc8 31. f6 Bb7 32. Qh6 Ne6 33. Nxe6 fxe6 34. f7+ 1-0

[Event "COL-ch Universities"]
[Site "Bogota"]
[Date "2015.10.07"]
[Round "5"]
[White "Acuna, Nelson David"]
[Black "Henao, Bernardo Andres"]
[Result "0-1"]
[WhiteElo "1823"]
[BlackElo "2057"]
[PlyCount "92"]
[EventDate "2015.10.05"]
[EventType "swiss"]
[EventRounds "6"]
[EventCountry "COL"]
[SourceTitle "CBM 168 Extra"]
[Source "ChessBase"]
[SourceDate "2015.10.29"]
[SourceVersion "1"]
[SourceVersionDate "2015.10.29"]
[SourceQuality "1"]

1. e4 e5 2. Nf3 Nf6 3. d4 Nxe4 4. Bd3 Nc6 5. d5 Nc5 6. dxc6 e4 7. 0-0 exd3 8. cxd3 dxc6 9. Re1+ Be7 10. Bg5 Be6 11. Bxe7 Qxe7 12. d4 0-0-0 13. Qe2 Nd7 14. Nc3 Nb6 15. a4 Nd5 16. Ne4 Bg4 17. h3 Bf5 18. Ne5 Rhe8 19. Nc5 f6 20. Qf3 g6 21. Nxc6 Qxe1+ 22. Rxe1 Rxe1+ 23. Kh2 bxc6 24. Qb3 Rd6 25. Qb7+ Kd8 26. Qb8+ Ke7 27. Qg8 h5 28. Qg7+ Kd8 29. Nb7+ Kc8 30. Nxd6+ cxd6 31. Qxa7 Nc7 32. b4 Rb1 33. d5 Rxb4 34. Qa5 Nxd5 35. Qa6+ Kd7 36. a5 Nc7 37. Qa7 c5 38. f3 Be6 39. Kg3 Bd5 40. a6 Bc6 41. Kh2 Ba4 42. Kg1 Kc6 43. Kf2 d5 44. g4 d4 45. gxh5 gxh5 46. h4 Rb2+ 0-1

[Event "COL-ch Universities"]
[Site "Bogota"]
[Date "2015.10.06"]
[Round "4"]
[White "Henao, Bernardo Andres"]
[Black "Orozco Santos, Federico"]
[Result "1-0"]
[WhiteElo "2057"]
[BlackElo "1820"]
[PlyCount "77"]
[EventDate "2015.10.05"]
[EventType "swiss"]
[EventRounds "6"]
[EventCountry "COL"]
[SourceTitle "CBM 168 Extra"]
[Source "ChessBase"]
[SourceDate "2015.10.29"]
[SourceVersion "1"]
[SourceVersionDate "2015.10.29"]
[SourceQuality "1"]

1. d4 Nf6 2. Bg5 Ne4 3. Bf4 c5 4. f3 Qa5+ 5. c3 Nf6 6. d5 d6 7. e4 Nbd7 8. Nd2 Qc7 9. Bd3 g6 10. Ne2 Bg7 11. a4 0-0 12. Nc4 Nb6 13. Qd2 Re8 14. g4 Nfd7 15. Ng3 Nxc4 16. Bxc4 Ne5 17. Be2 Bd7 18. h4 e6 19. Bh6 Bh8 20. f4 exd5 21. fxe5 Bxe5 22. Bf4 dxe4 23. Bxe5 Rxe5 24. Qh6 d5 25. Nh5 gxh5 26. gxh5 Bf5 27. Rg1+ Bg6 28. hxg6 fxg6 29. 0-0-0 Qg7 30. Qe3 b6 31. Rxd5 Qe7 32. Bc4 Kg7 33. h5 Rf8 34. hxg6 hxg6 35. Qg3 Re6 36. Rg5 Rff6 37. Bxe6 Qxe6 38. Qc7+ Kh6 39. Rh5+ 1-0